<?xml version="1.0" encoding="UTF-8"?><?xml-stylesheet type="text/xsl" href="static/style.xsl"?><OAI-PMH xmlns="http://www.openarchives.org/OAI/2.0/" xmlns:xsi="http://www.w3.org/2001/XMLSchema-instance" xsi:schemaLocation="http://www.openarchives.org/OAI/2.0/ http://www.openarchives.org/OAI/2.0/OAI-PMH.xsd"><responseDate>2026-04-17T10:50:07Z</responseDate><request verb="GetRecord" identifier="oai:www.recercat.cat:10256/11392" metadataPrefix="marc">https://recercat.cat/oai/request</request><GetRecord><record><header><identifier>oai:recercat.cat:10256/11392</identifier><datestamp>2024-06-18T13:49:34Z</datestamp><setSpec>com_2072_452955</setSpec><setSpec>com_2072_2054</setSpec><setSpec>col_2072_453073</setSpec></header><metadata><record xmlns="http://www.loc.gov/MARC21/slim" xmlns:dcterms="http://purl.org/dc/terms/" xmlns:xsi="http://www.w3.org/2001/XMLSchema-instance" xmlns:doc="http://www.lyncode.com/xoai" xsi:schemaLocation="http://www.loc.gov/MARC21/slim http://www.loc.gov/standards/marcxml/schema/MARC21slim.xsd">
   <leader>00925njm 22002777a 4500</leader>
   <datafield ind2=" " ind1=" " tag="042">
      <subfield code="a">dc</subfield>
   </datafield>
   <datafield ind2=" " ind1=" " tag="720">
      <subfield code="a">Poater i Teixidor, Jordi</subfield>
      <subfield code="e">author</subfield>
   </datafield>
   <datafield ind2=" " ind1=" " tag="720">
      <subfield code="a">Solà i Puig, Miquel</subfield>
      <subfield code="e">author</subfield>
   </datafield>
   <datafield ind2=" " ind1=" " tag="720">
      <subfield code="a">Alkorta, Ibon</subfield>
      <subfield code="e">author</subfield>
   </datafield>
   <datafield ind2=" " ind1=" " tag="720">
      <subfield code="a">Elguero, Jose</subfield>
      <subfield code="e">author</subfield>
   </datafield>
   <datafield ind2=" " ind1=" " tag="260">
      <subfield code="c">info:eu-repo/date/embargoEnd/2026-01-01</subfield>
   </datafield>
   <datafield ind2=" " ind1=" " tag="260">
      <subfield code="c">info:eu-repo/date/embargoEnd/2026-01-01</subfield>
   </datafield>
   <datafield ind2=" " ind1=" " tag="260">
      <subfield code="c">2014</subfield>
   </datafield>
   <datafield ind2=" " ind1=" " tag="520">
      <subfield code="a">The almost unknown series of 1- and 2-indenones and their aza-derivatives have been analyzed with the aim of understanding the higher stability and aromaticity of the 1-one compared to the 2-one series. The effect of tetrafluorination of the six-membered ring on their relative stability and aromaticity and the corresponding 19F-19F spin-spin coupling constants (SSCC) have been analyzed for the compounds of these two series. Magnetic NICS and electronic PDI, FLU, and MCI aromaticity criteria, complemented by an energy decomposition analysis, allow the higher stability and aromaticity of 1-indenones compared with 2-indenones to be attributed to the p-component of the orbital interaction term. The reduced aromatic character of the 2-one series also provides an explanation for the F-19-F-19 SSCC observed in the tetrafluorinated 2-one compounds, which differ significantly from those of 1,2,3,4-tetrafluorobenzene</subfield>
   </datafield>
   <datafield ind2=" " ind1=" " tag="520">
      <subfield code="a">Thanks are given to the Spanish Ministerio de Economia y Competitividad (MEC) (project numbers CTQ2012-13129-C02-02, CTQ2011-23156/BQU and CTQ2011-25086), the Comunidad Autonoma de Madrid (project MADRISOLAR2, ref. S2009/PPQ-1533) and the Generalitat de Catalunya (project numbers 2009SGR637 and 2009SGR528, Xarxa de Referencia en Quimica Teorica i Computacional, and ICREA Academia 2009 prize to M. S.)</subfield>
   </datafield>
   <datafield ind1="8" ind2=" " tag="024">
      <subfield code="a">http://hdl.handle.net/10256/11392</subfield>
   </datafield>
   <datafield tag="653" ind2=" " ind1=" ">
      <subfield code="a">Aromaticitat (Química)</subfield>
   </datafield>
   <datafield tag="653" ind2=" " ind1=" ">
      <subfield code="a">Aromaticity (Chemistry)</subfield>
   </datafield>
   <datafield tag="653" ind2=" " ind1=" ">
      <subfield code="a">Compostos heterocíclics -- Propietats magnètiques</subfield>
   </datafield>
   <datafield tag="653" ind2=" " ind1=" ">
      <subfield code="a">Heterocyclic compounds -- Magnetic properties</subfield>
   </datafield>
   <datafield tag="653" ind2=" " ind1=" ">
      <subfield code="a">Funcional de densitat, Teoria del</subfield>
   </datafield>
   <datafield tag="653" ind2=" " ind1=" ">
      <subfield code="a">Density functionals</subfield>
   </datafield>
   <datafield ind2="0" ind1="0" tag="245">
      <subfield code="a">Aromaticity and Magnetic Properties of 1-and 2-Indenones and Their Aza Derivatives</subfield>
   </datafield>
</record></metadata></record></GetRecord></OAI-PMH>